000 01287cam a22003255i 4500
005 20260204115148.0
008 141105s2015 gw |||| o |||| 0|eng
020 _a9783031410253
020 _a9783031410260
_q(eBook)
024 _ahttps://doi/10.1007/9783031410260
040 _aKABLIB
_beng
_erda
_cKABLIB
082 0 4 _a512.5
_223
_bAXL
100 1 _aAxler, Sheldon,
_eauthor.
_915086
245 1 0 _aLinear Algebra Done Right /
_cby Sheldon Axler.
250 _a4th ed.
264 1 _aCham :
_bSpringer International Publishing :
_bImprint: Springer,
_cc2015.
300 _axvii, 390 p. :
_bill. ;
_c24 cm.
490 1 _aUndergraduate Texts in Mathematics,
_x0172-6056
500 _aIncludes index.
650 0 _aAlgebra.
_92680
650 0 _aMatrix theory.
_915087
650 1 4 _aLinear and Multilinear Algebras, Matrix Theory.
_0https://scigraph.springernature.com/ontologies/product-market-codes/M11094
_915088
776 0 8 _iPrint version:
_tLinear algebra done right
_z9783319110790
_w(DLC) 2014954079
776 0 8 _iPrinted edition:
_z9783319110790
776 0 8 _iPrinted edition:
_z9783319110813
776 0 8 _iPrinted edition:
_z9783319307657
776 0 8 _iPrinted edition:
_z9783319939025
830 0 _aUndergraduate Texts in Mathematics,
_x0172-6056
_915089
942 _2ddc
_cBOOK
999 _c5982
_d5982